000 01548nam a2200397 a 4500
001 ebr10488460
003 CaPaEBR
006 m u
007 cr cn|||||||||
008 950412s1995 ne sb 001 0 eng d
010 _z 95008924
020 _z1556195427 (alk. paper)
020 _z1556195435 (pb)
020 _z9027241147 (Eur. : alk. paper)
020 _z9027241155 (Eur. : alk. paper)
020 _z9789027241146
020 _z9789027282781 (e-book)
040 _aCaPaEBR
_cCaPaEBR
035 _a(OCoLC)744333829
050 1 4 _aP118.2
_b.S433 1995eb
082 0 4 _a418/.007
_220
245 0 0 _aSecond language acquisition in a study abroad context
_h[electronic resource] /
_cedited by Barbara F. Freed.
260 _aAmsterdam ;
_aPhiladelphia :
_bJ. Benjamins,
_cc1995.
300 _axv, 345 p.
490 1 _aStudies in bilingualism (SiBil),
_x0928-1533 ;
_vv. 9
504 _aIncludes bibliographical references and index.
533 _aElectronic reproduction.
_bPalo Alto, Calif. :
_cebrary,
_d2013.
_nAvailable via World Wide Web.
_nAccess may be limited to ebrary affiliated libraries.
650 0 _aSecond language acquisition.
650 0 _aLanguage and languages
_xStudy and teaching.
650 0 _aForeign study.
655 7 _aElectronic books.
_2local
700 1 _aFreed, Barbara F.
710 2 _aebrary, Inc.
830 0 _aStudies in bilingualism ;
_vv. 9.
856 4 0 _uhttp://site.ebrary.com/lib/rucke/Doc?id=10488460
_zAn electronic book accessible through the World Wide Web; click to view
999 _c122869
_d122869